Accounting research methods : (Record no. 4166)

000 -LEADER
fixed length control field 00871pam a2200241 a 4500
001 - CONTROL NUMBER
control field 4360894
005 - DATE AND TIME OF LATEST TRANSACTION
control field 20190524113219.0
008 - FIXED-LENGTH DATA ELEMENTS--GENERAL INFORMATION
fixed length control field 901018s1991 ilua b 001 0 eng
010 ## - LIBRARY OF CONGRESS CONTROL NUMBER
LC control number 90021373
020 ## - INTERNATIONAL STANDARD BOOK NUMBER
International Standard Book Number 0256100470
040 ## - CATALOGING SOURCE
Original cataloging agency DLC
Transcribing agency DLC
Modifying agency DLC
050 00 - LIBRARY OF CONGRESS CALL NUMBER
Classification number HF5630
Item number .W17 1991
082 00 - DEWEY DECIMAL CLASSIFICATION NUMBER
Classification number 657/.072
Edition number 20
100 1# - MAIN ENTRY--PERSONAL NAME
Personal name Wallace, Wanda A.,
Dates associated with a name 1953-
245 10 - TITLE STATEMENT
Title Accounting research methods :
Remainder of title do the facts speak for themselves? /
Statement of responsibility, etc Wanda A. Wallace.
260 ## - PUBLICATION, DISTRIBUTION, ETC. (IMPRINT)
Place of publication, distribution, etc Homewood, IL :
Name of publisher, distributor, etc Irwin,
Date of publication, distribution, etc c1991.
300 ## - PHYSICAL DESCRIPTION
Extent xvii, 105 p. :
Other physical details ill. ;
Dimensions 25 cm.
504 ## - BIBLIOGRAPHY, ETC. NOTE
Bibliography, etc Includes bibliographical references (p. 96-103) and index.
650 #0 - SUBJECT ADDED ENTRY--TOPICAL TERM
Topical term or geographic name as entry element Accounting
General subdivision Research
-- Methodology.
906 ## - LOCAL DATA ELEMENT F, LDF (RLIN)
a 7
b cbc
c orignew
d 1
e ocip
f 19
g y-gencatlg
942 ## - ADDED ENTRY ELEMENTS (KOHA)
Source of classification or shelving scheme
Item type Book
Holdings
Withdrawn status Lost status Source of classification or shelving scheme Damaged status Not for loan Home library Current library Shelving location Date acquired Total Checkouts Full call number Barcode Date last seen Copy number Price effective from Koha item type
          Riara University Library Riara University Library General stack 24/05/2019   HF 5630 .W17 1991 10253/19 24/05/2019 C.1 24/05/2019 Book

Riara University Library,
P.O. Box 49940-00100,
Nairobi, Kenya.